000 00345 a2200145 4500
020 _a0735622639
040 _aDLC
_bDLC
082 _a006.74
100 1 _aWempen, Faithe
245 1 0 _aHTML and XHTML Step by Step
_cWempen, Faithe
260 _bPagina f?gs AB,
_c2006
300 _a416 s.
490 _aStep by Step
942 _cBK
_k006.74 WEM
_2ddc
999 _c7049
_d7049